Music Quiz

Random Music or Artist Quiz

Weird Al Parodies Quiz Stats

 Plays Quiz Updated Dec 25, 2018

     
Support Sporcle.
Go Orange.
Score 0/35 Timer 07:00
3 Plays Today
Weird Al Song Song Parodied % Correct
*Eat It (1984)Beat It
93.3%
Another One Rides the Bus (1983)Another One Bites the Dust
91.7%
Girls Just Want to Have Lunch (1985)Girls Just Want to Have Fun
90.1%
*Like a Surgeon (1985)Like a Virgin
86.2%
*Smells Like Nirvana (1992)Smells Like Teen Spirit
84.1%
I Love Rocky Road (1983)I Love Rock N' Roll
82.4%
*Canadian Idiot (2006)American Idiot
81.2%
Achy Breaky Song (1993)Achy Breaky Heart
80.4%
Pretty Fly for a Rabbi (1999)Pretty Fly (for a White Guy)
78.2%
My Bologna (1983)My Sharona
67.6%
*Amish Paradise (1996)Gangsta's Paradise
67%
Theme from Rocky XIII: The Rye or the Kaiser (1984)Eye of the Tiger
66.7%
*White & Nerdy (2006)Ridin'
65.3%
She Drives Like Crazy (1989)She Drives Me Crazy
59.9%
*Fat (1988)Bad
57.7%
Addicted to Spuds (1986)Addicted to Love
55.7%
I Can't Watch This
(1992)
U Can't Touch This
51.5%
I Think I'm a Clone Now (1988)I Think We're Alone Now
49.3%
Weird Al Song Song Parodied % Correct
It's All About the Pentiums
(1999)
It's All About the Benjamins
46.9%
Isle Thing (1989)Wild Thing
45%
Livin' in the Fridge (1993)Livin' on the Edge
41.2%
*Word Crimes (2014)Blurred Lines
39.3%
Tacky (2014)Happy
37.6%
Gump (1996)Lump
36%
Yoda (1985)Lola
35%
The Saga Begins (1999)American Pie
34.9%
White Stuff (1992)You Got It (The Right Stuff)
34%
Foil (2014)Royals
32.9%
I Want a New Duck (1985)I Want a New Drug
28.3%
Phony Calls (1996)Waterfalls
19.1%
*King of Suede (1984)King of Pain
17.6%
Grapefruit Diet (1999)Zoot Suit Riot
17.2%
*I Lost On Jeopardy (1984)Jeopardy
14.3%
Lasagna (1988)La Bamba
13.9%
Jurassic Park (1993)MacArthur Park
10.5%

From the Vault

Sunday Crossword: Be Mine!

by BookishGirl98

Be ours. We're a conglomerate here in the office.
Remove Ads.
Support Sporcle.
Get the best of Sporcle when you Go Orange. This ad-free experience offers more features, more stats, and more fun while also helping to support Sporcle. Thank you for becoming a member.

Show Comments

Extras

Top Quizzes Today


Score Distribution

Your Account Isn't Verified!

In order to create a playlist on Sporcle, you need to verify the email address you used during registration. Go to your Sporcle Settings to finish the process.

Report this User

Report this user for behavior that violates our Community Guidelines.

Details: